Á lódáil...
Macroeconomics : principles,problems and policies /
| Príomhúdar: | |
|---|---|
| Údair Eile: | |
| Formáid: | Printed Book |
| Foilsithe: |
Boston:
Mc Graw Hill irwin ,
2008.
|
| Eagrán: | 17 ed. |
| Ábhair: |
| LEADER | 00502cam a2200169ua 4500 | ||
|---|---|---|---|
| 020 | |a 9780071101448 | ||
| 082 | |a 339 |b MCC-M | ||
| 100 | |a McConnell, Campbell R . | ||
| 245 | |a Macroeconomics : |b principles,problems and policies / | ||
| 250 | |a 17 ed. | ||
| 260 | |a Boston: |b Mc Graw Hill irwin , |c 2008. | ||
| 300 | |a 380 p.; | ||
| 650 | |a Macroeconomics & related topics | ||
| 700 | |a Brue, Stanley L . | ||
| 942 | |c BK | ||
| 999 | |c 45080 |d 45080 | ||
| 952 | |0 0 |1 0 |4 0 |7 0 |9 57041 |a KU |b KU |d 2015-07-05 |o 339 MCC-M |p AE02750 |y BK | ||